Φορτώνει......
Sinkitimunkan
| Κύριος συγγραφέας: | |
|---|---|
| Μορφή: | Printed Book |
| Έκδοση: |
Kottayam, DCB
1991
|
| LEADER | 003900000a22001210004500 | ||
|---|---|---|---|
| 040 | |a MAL | ||
| 082 | |a A301 MUH/S N1 | ||
| 100 | |a Muhammad Basheer, Vaikom | ||
| 245 | |a Sinkitimunkan | ||
| 260 | |a Kottayam, DCB | ||
| 260 | |c 1991 | ||
| 999 | |c 22978 |d 22978 | ||
| 952 | |0 0 |1 0 |4 0 |6 A_301_000000000000000_MUH_S_N1 |7 0 |8 MAL |9 22799 |a MGUL |b MGUL |d 2013-07-16 |l 6 |m 1 |o A301 MUH/S N1 |p 13832 |r 2017-01-12 |s 2016-12-23 |w 2013-07-16 |y BK | ||